Countries with Penguins Quiz Stats

 Plays Quiz Updated Nov 3, 2012

Challenge
Share
Tweet
Embed
Score 0/11 Timer 02:00
9 Plays Today
Number of species % Correct
6Australia
90.7%
3Argentina
88.6%
7New Zealand
87.5%
4Chile
87.3%
5South Africa
85.1%
6United Kingdom
54.2%
1Peru
44.8%
4France
42.5%
3Norway
39.8%
1Ecuador
33.8%
1Namibia
27.9%

You're not logged in!

Compare scores with friends on all Sporcle quizzes.
Join for Free
OR
Log In

You Might Also Like...

Show Comments

Extras

Top Quizzes Today


Score Distribution

Your Account Isn't Verified!

In order to create a playlist on Sporcle, you need to verify the email address you used during registration. Go to your Sporcle Settings to finish the process.

Report this User

Report this user for behavior that violates our Community Guidelines.

Details: